[Event "POL-chT3 Liga Slaska"]
[Site "Poland"]
[Date "2007.05.12"]
[Round "8"]
[White "Banasik, Henryk"]
[Black "Moskalik, Andrzej"]
[Result "1/2-1/2"]
[WhiteElo "2116"]
[BlackElo "2147"]
[PlyCount "43"]
[EventDate "2007.01.28"]
[EventType "team-swiss"]
[EventRounds "9"]
[EventCountry "POL"]
[SourceTitle "EXT 2011"]
[Source "ChessBase"]
[SourceDate "2010.11.26"]
[SourceVersion "1"]
[SourceVersionDate "2010.11.26"]
[SourceQuality "1"]
[WhiteTeam "Gliwice Roszada Fluor"]
[BlackTeam "Gliwice Politechnika Slaska II"]
[WhiteTeamCountry "POL"]
[BlackTeamCountry "POL"]

1. e4 e6 2. d4 d5 3. Nc3 dxe4 4. Nxe4 Bd7 5. Nf3 Bc6 6. Bd3 Nd7 7. 0-0 Ngf6 8. Nxf6+ Qxf6 9. Be2 h6 10. c4 Rd8 11. Be3 Be4 12. Qa4 a6 13. Nd2 Bc6 14. Qc2 Bb4 15. Nb1 Bd6 16. f4 0-0 17. Nc3 Rfe8 18. Bd3 Qh4 19. Ne4 Bf8 20. Rae1 b6 21. Ng3 Nf6 22. Be2 1/2-1/2

[Event "POL-chT3"]
[Site "Poland"]
[Date "2002.??.??"]
[Round "?"]
[White "Moskalik, Andrzej"]
[Black "Bojdol, Robert"]
[Result "1-0"]
[WhiteElo "2148"]
[BlackElo "2064"]
[PlyCount "131"]
[EventDate "2002.??.??"]
[EventType "team"]
[EventRounds "9"]
[EventCountry "POL"]
[SourceTitle "EXT 2006"]
[Source "ChessBase"]
[SourceDate "2005.11.24"]
[SourceVersion "1"]
[SourceVersionDate "2005.11.24"]
[SourceQuality "1"]

1. e4 c5 2. Nc3 Nc6 3. g3 g6 4. Bg2 Bg7 5. d3 d6 6. Be3 Rb8 7. Qd2 b5 8. Nge2 b4 9. Nd1 Nd4 10. 0-0 e6 11. h3 Ne7 12. Nc1 0-0 13. c3 bxc3 14. bxc3 Ndc6 15. Bh6 Qa5 16. Bxg7 Kxg7 17. Ne3 Bd7 18. Nb3 Qa6 19. Rfd1 Na5 20. d4 Ba4 21. dxc5 Rxb3 22. axb3 Nxb3 23. Qa2 Nxc5 24. Rd4 Bb5 25. Qxa6 Bxa6 26. Rxd6 Bd3 27. e5 Be4 28. c4 Bxg2 29. Kxg2 Rc8 30. f4 Nc6 31. Rb1 Ne4 32. Rd7 Nc5 33. Rdd1 Rc7 34. Kf3 a5 35. Rb5 Nb7 36. g4 a4 37. Ke4 Na7 38. Rb6 Nc6 39. f5 Nc5+ 40. Kf4 h6 41. h4 a3 42. f6+ Kh7 43. Rd6 a2 44. Nc2 g5+ 45. hxg5 hxg5+ 46. Kxg5 Nxe5 47. Rd1 Rc8 48. Rh1+ Kg8 49. Rb2 Ng6 50. Rxa2 Ne4+ 51. Kh6 Nxf6 52. Ne3 Kh8 53. g5 Nh7 54. Rha1 Rg8 55. Ra8 Ngf8 56. R1a5 Rg6+ 57. Kh5 f5 58. gxf6 Nxf6+ 59. Kh4 N6h7 60. Ng4 Kg8 61. c5 e5 62. Nxe5 Rh6+ 63. Kg3 Re6 64. c6 Re7 65. Kf4 Nf6 66. Ng6 1-0

[Event "POL-chT3"]
[Site "Poland"]
[Date "2002.??.??"]
[Round "?"]
[White "Moskalik, Andrzej"]
[Black "Judycki, Wieslaw"]
[Result "1/2-1/2"]
[WhiteElo "2148"]
[BlackElo "2191"]
[PlyCount "31"]
[EventDate "2002.??.??"]
[EventType "team"]
[EventRounds "9"]
[EventCountry "POL"]
[SourceTitle "EXT 2006"]
[Source "ChessBase"]
[SourceDate "2005.11.24"]
[SourceVersion "1"]
[SourceVersionDate "2005.11.24"]
[SourceQuality "1"]

1. e4 g6 2. g3 Bg7 3. Bg2 d6 4. Ne2 c5 5. d3 Nc6 6. Nbc3 Nf6 7. h3 0-0 8. Be3 Rb8 9. Qd2 b5 10. Bh6 b4 11. Nd1 Nd4 12. Bxg7 Kxg7 13. Ne3 a5 14. f4 a4 15. 0-0 Nh5 16. g4 1/2-1/2

[Event "MK Cafe Cup-B"]
[Site "Koszalin"]
[Date "1999.08.08"]
[Round "6"]
[White "Umansky, Vladimir"]
[Black "Moskalik, Andrzej"]
[Result "1-0"]
[WhiteElo "2409"]
[BlackElo "2206"]
[PlyCount "127"]
[EventDate "1999.08.03"]
[EventType "swiss"]
[EventRounds "10"]
[EventCountry "POL"]
[SourceTitle "EXT 2000"]
[Source "ChessBase"]
[SourceDate "1999.11.16"]
[SourceVersion "1"]
[SourceVersionDate "1999.11.16"]
[SourceQuality "1"]

1. d4 f5 2. Nf3 Nf6 3. g3 g6 4. Bg2 Bg7 5. c3 c6 6. 0-0 0-0 7. Qb3+ Kh8 8. Nbd2 Na6 9. Ne5 Qe8 10. e4 d6 11. Nd3 fxe4 12. Nxe4 Nxe4 13. Bxe4 Rb8 14. Re1 Nc7 15. Bf4 Be6 16. Qc2 Qf7 17. b3 Nd5 18. Bd2 Rbe8 19. Nf4 Nxf4 20. Bxf4 Bd5 21. Rad1 Bxe4 22. Rxe4 h6 23. h4 Qf5 24. Rde1 e5 25. dxe5 d5 26. R4e2 Qg4 27. Qd2 g5 28. hxg5 hxg5 29. Bxg5 Rf5 30. Bh4 Re6 31. f4 Bh6 32. Rg2 Kg8 33. c4 Rfxe5 34. Rxe5 Rxe5 35. cxd5 Rxd5 36. Qe2 Qh3 37. Qe8+ Kh7 38. Qe4+ Kg7 39. Re2 Rd1+ 40. Re1 Qd7 41. Kf2 Rd2+ 42. Re2 Kf7 43. Qc4+ Kg6 44. Rxd2 Qxd2+ 45. Qe2 Bxf4 46. Qxd2 Bxd2 47. Ke2 Bb4 48. g4 Bd6 49. Kd3 Kf7 50. Bf2 a6 51. Ke4 Ke6 52. g5 b5 53. Bd4 a5 54. a4 bxa4 55. bxa4 Bb4 56. g6 Be1 57. Kd3 Bb4 58. Kc4 Bf8 59. Bc3 Bh6 60. Kc5 Kd7 61. Kb6 Be3+ 62. Kxa5 Ke6 63. Ka6 c5 64. Kb5 1-0

[Event "POL-chT Region"]
[Site "Poland"]
[Date "1999.??.??"]
[Round "?"]
[White "Drozd, Ryszard"]
[Black "Moskalik, Andrzej"]
[Result "1/2-1/2"]
[WhiteElo "2215"]
[BlackElo "2204"]
[PlyCount "64"]
[EventDate "1999.??.??"]
[EventType "team"]
[EventRounds "13"]
[EventCountry "POL"]
[SourceTitle "EXT 2002"]
[Source "ChessBase"]
[SourceDate "2001.11.25"]
[SourceVersion "1"]
[SourceVersionDate "2001.11.25"]
[SourceQuality "1"]

1. d4 f5 2. c4 Nf6 3. Nf3 g6 4. g3 Bg7 5. Bg2 d6 6. Nc3 c6 7. 0-0 0-0 8. Re1 Ne4 9. Qc2 Nxc3 10. Qxc3 Nd7 11. e4 fxe4 12. Rxe4 e5 13. Bg5 Qc7 14. dxe5 Nxe5 15. Nxe5 Bxe5 16. Qd2 Bf5 17. Re2 Bg4 18. Re3 Qg7 19. Rb3 Rf7 20. Re1 Be6 21. Rc1 Re8 22. Be3 Rd7 23. Bh6 Qf7 24. Rf3 Qe7 25. b3 Bg4 26. Re3 Qf6 27. h3 Bf5 28. Kh2 Re6 29. Rd1 g5 30. Rf3 Qxh6 31. Rxf5 Rg7 32. Kg1 Rf6 1/2-1/2

[Event "Polanica Zdroj op"]
[Site "Polanica Zdroj"]
[Date "1998.??.??"]
[Round "?"]
[White "Moskalik, Andrzej"]
[Black "Shevchenko, Sergey"]
[Result "0-1"]
[WhiteElo "2205"]
[BlackElo "2325"]
[PlyCount "60"]
[EventDate "1998.??.??"]
[EventType "swiss"]
[EventRounds "10"]
[EventCountry "POL"]
[SourceTitle "EXT 2003"]
[Source "ChessBase"]
[SourceDate "2002.11.25"]
[SourceVersion "1"]
[SourceVersionDate "2002.11.25"]
[SourceQuality "1"]

1. e4 g6 2. d4 Bg7 3. c3 d6 4. Nf3 Nf6 5. Bd3 Nbd7 6. 0-0 e5 7. Re1 0-0 8. Nbd2 Nh5 9. Bc2 Nf4 10. Nc4 Qf6 11. g3 Nh3+ 12. Kg2 exd4 13. cxd4 Nb6 14. e5 dxe5 15. dxe5 Qe6 16. Nxb6 axb6 17. Bb3 Qf5 18. Re2 Qh5 19. Re4 Bg4 20. Qe2 Kh8 21. Bd2 Rad8 22. Bb4 c5 23. Rxg4 Qxg4 24. Bd2 h6 25. Qc4 Qxc4 26. Bxc4 Ng5 27. Bc3 Ne4 28. Be1 Kg8 29. a4 Rfe8 30. a5 bxa5 0-1

[Event "Polanica Zdroj op"]
[Site "Polanica Zdroj"]
[Date "1996.??.??"]
[Round "3"]
[White "Gorbatov, Alexej"]
[Black "Moskalik, Andrzej"]
[Result "1-0"]
[WhiteElo "2430"]
[BlackElo "2235"]
[PlyCount "109"]
[EventDate "1996.??.??"]
[EventType "swiss"]
[EventRounds "10"]
[EventCountry "POL"]
[SourceTitle "EXT 1998"]
[Source "ChessBase"]
[SourceDate "1997.11.17"]
[SourceVersion "1"]
[SourceVersionDate "1997.11.17"]
[SourceQuality "1"]

1. d4 Nf6 2. c4 d6 3. Nc3 c6 4. Bg5 Nbd7 5. Nf3 e5 6. e3 Be7 7. Qc2 0-0 8. Bd3 h6 9. Bh4 Re8 10. Bf5 exd4 11. Nxd4 Ne5 12. b3 g6 13. Bxc8 Rxc8 14. 0-0 d5 15. Rfd1 Qa5 16. Rab1 dxc4 17. bxc4 b6 18. Nb3 Qb4 19. Rd4 Nxc4 20. Nd2 Na3 21. Qd3 Qa5 22. Rb3 b5 23. Bxf6 Bxf6 24. Nce4 Be7 25. Nd6 Bxd6 26. Rxd6 Nc4 27. Nxc4 Qe1+ 28. Qf1 Qxf1+ 29. Kxf1 bxc4 30. Rc3 Rb8 31. Ke2 Rb2+ 32. Rd2 Reb8 33. Rxc4 Rxd2+ 34. Kxd2 Rb2+ 35. Rc2 Rb6 36. Kc3 Kf8 37. Rd2 Ke7 38. Rd4 Rb1 39. Ra4 Rb7 40. g4 Kd6 41. Rd4+ Ke6 42. h4 Rb5 43. Re4+ Kd6 44. Ra4 a5 45. Rd4+ Ke6 46. Rf4 Rd5 47. Re4+ Kd6 48. Rd4 f5 49. gxf5 gxf5 50. Kc4 Rxd4+ 51. Kxd4 c5+ 52. Kc4 a4 53. h5 Kc6 54. f3 Kd6 55. e4 1-0

[Event "Polanica Zdroj op"]
[Site "Polanica Zdroj"]
[Date "1996.??.??"]
[Round "5"]
[White "Moskalik, Andrzej"]
[Black "Slapikas, Vytautas"]
[Result "1/2-1/2"]
[WhiteElo "2235"]
[BlackElo "2345"]
[PlyCount "41"]
[EventDate "1996.??.??"]
[EventType "swiss"]
[EventRounds "10"]
[EventCountry "POL"]
[SourceTitle "EXT 1998"]
[Source "ChessBase"]
[SourceDate "1997.11.17"]
[SourceVersion "1"]
[SourceVersionDate "1997.11.17"]
[SourceQuality "1"]

1. e4 c6 2. d4 d5 3. exd5 cxd5 4. Bd3 Nc6 5. c3 Nf6 6. h3 e5 7. dxe5 Nxe5 8. Qe2 Qe7 9. Bb5+ Nc6 10. Bg5 Qxe2+ 11. Nxe2 Ne4 12. Be3 a6 13. Ba4 Bc5 14. Bxc5 Nxc5 15. Bc2 0-0 16. Nd2 Re8 17. Nf3 Ne5 18. Nxe5 Rxe5 19. f3 Bf5 20. Bxf5 Rxf5 21. 0-0-0 1/2-1/2

[Event "Polanica Zdroj op"]
[Site "Polanica Zdroj"]
[Date "1995.??.??"]
[Round "4"]
[White "Moskalik, Andrzej"]
[Black "Blimke, Dalia"]
[Result "1-0"]
[WhiteElo "2195"]
[BlackElo "2090"]
[PlyCount "85"]
[EventDate "1995.08.??"]
[EventType "swiss"]
[EventRounds "10"]
[EventCountry "POL"]
[SourceTitle "EXT 1997"]
[Source "ChessBase"]
[SourceDate "1996.11.15"]
[SourceVersion "1"]
[SourceVersionDate "1996.11.15"]
[SourceQuality "1"]

1. e4 c5 2. Nc3 Nc6 3. g3 g6 4. Bg2 Bg7 5. d3 e6 6. Be3 d6 7. Qd2 Qa5 8. Nd1 Qxd2+ 9. Kxd2 b6 10. Ne2 Bb7 11. f4 Nge7 12. g4 h5 13. g5 0-0-0 14. c3 Kb8 15. Kc2 d5 16. Nf2 Rd7 17. Rad1 Rhd8 18. h4 Ba6 19. Ng3 d4 20. Bc1 c4 21. Bf1 b5 22. a3 Na5 23. f5 Be5 24. fxe6 fxe6 25. Ne2 Rf8 26. cxd4 Bxd4 27. Nxd4 Rxf2+ 28. Kc3 e5 29. Ne6 Nb3 30. Be3 Rf3 31. Rh3 Rxh3 32. Bxh3 Rd6 33. Nc5 Bb7 34. Nxb3 cxb3 35. Kxb3 Bxe4 36. Bc5 Bd5+ 37. Kb4 Nc6+ 38. Kxb5 Rd8 39. Rf1 Kb7 40. Rf6 Rb8 41. Bd6 Rg8 42. Kc5 Bb3 43. Bg2 1-0

[Event "Katowice Fibak op"]
[Site "Katowice"]
[Date "1993.??.??"]
[Round "1"]
[White "Moskalik, Andrzej"]
[Black "Dydyshko, Viacheslav"]
[Result "0-1"]
[WhiteElo "2200"]
[BlackElo "2490"]
[PlyCount "54"]
[EventDate "1993.01.??"]
[EventType "swiss"]
[EventRounds "9"]
[EventCountry "POL"]
[SourceTitle "EXT 1998"]
[Source "ChessBase"]
[SourceDate "1997.11.17"]
[SourceVersion "1"]
[SourceVersionDate "1997.11.17"]
[SourceQuality "1"]

1. e4 c5 2. Nc3 d6 3. g3 Nc6 4. Bg2 g6 5. d3 Bg7 6. Be3 Nf6 7. h3 0-0 8. Qd2 Re8 9. Nd1 Qc7 10. c3 b6 11. Ne2 Ba6 12. 0-0 Rad8 13. f4 e6 14. g4 d5 15. e5 d4 16. cxd4 cxd4 17. Bf2 Nd5 18. Rc1 Qd7 19. Ng3 Ncb4 20. Be4 Rc8 21. Rxc8 Rxc8 22. Bxd5 Nxd5 23. Bxd4 Qa4 24. Bc3 Qxa2 25. Ne4 Qa4 26. Nd6 Rc7 27. Ne8 Qxe8 0-1

[Event "Katowice Fibak op"]
[Site "Katowice"]
[Date "1993.??.??"]
[Round "3"]
[White "Moskalik, Andrzej"]
[Black "Maksimenko, Andrei"]
[Result "0-1"]
[WhiteElo "2200"]
[BlackElo "2430"]
[PlyCount "64"]
[EventDate "1993.01.??"]
[EventType "swiss"]
[EventRounds "9"]
[EventCountry "POL"]
[SourceTitle "EXT 1998"]
[Source "ChessBase"]
[SourceDate "1997.11.17"]
[SourceVersion "1"]
[SourceVersionDate "1997.11.17"]
[SourceQuality "1"]

1. e4 c5 2. Nc3 Nc6 3. g3 g6 4. Bg2 Bg7 5. d3 d6 6. Be3 Rb8 7. Qd2 b5 8. Nd1 b4 9. Ne2 Qb6 10. 0-0 e6 11. f4 Nge7 12. g4 f5 13. gxf5 exf5 14. Ng3 0-0 15. Qf2 fxe4 16. dxe4 Ne5 17. h3 Nc4 18. f5 Ba6 19. Re1 Nxe3 20. Nxe3 Bxb2 21. Kh2 d5 22. Rad1 Bd4 23. Qf4 dxe4 24. Ng4 Nxf5 25. Nxf5 gxf5 26. Nh6+ Kh8 27. c3 bxc3 28. Rb1 Qxb1 29. Rxb1 Rxb1 30. Qd6 Bg7 31. Qe6 Bc4 32. Qxc4 Be5# 0-1